[Event "Moscow op-G"]
[Site "Moscow"]
[Date "2014.02.02"]
[Round "2"]
[White "Muminova, Nafisa"]
[Black "Tomnikova, Lidia"]
[Result "1-0"]
[WhiteElo "2301"]
[BlackElo "2195"]
[PlyCount "111"]
[EventDate "2014.02.01"]
[EventType "tourn"]
[EventRounds "9"]
[EventCountry "RUS"]
[EventCategory "2"]
[SourceTitle "CBM 158 Extra"]
[Source "ChessBase"]
[SourceDate "2014.02.28"]
[SourceVersion "1"]
[SourceVersionDate "2014.02.28"]
[SourceQuality "1"]

1. e4 e5 2. Nf3 Nc6 3. d4 exd4 4. Nxd4 Nf6 5. Nxc6 bxc6 6. e5 Qe7 7. Qe2 Nd5 8. c4 Nb6 9. Nc3 Qe6 10. Qe4 g6 11. Bd3 d5 12. exd6 cxd6 13. 0-0 Qxe4 14. Bxe4 Bd7 15. Re1 0-0-0 16. Bg5 Re8 17. Bf6 Rg8 18. b3 Re6 19. Bd4 c5 20. Be3 Bg7 21. Bd2 Rge8 22. Bf3 Rxe1+ 23. Rxe1 Rxe1+ 24. Bxe1 Be5 25. Kf1 Bf5 26. Ke2 Bxc3 27. Bxc3 Bb1 28. Kd2 Kc7 29. a4 Nd7 30. Bd5 f5 31. Bg8 h6 32. Bg7 Ne5 33. f3 h5 34. Bh7 f4 35. Bh6 Nc6 36. Kc1 Bd3 37. Bxf4 Nd4 38. Kb2 Bf1 39. Bxg6 Bxg2 40. Bxh5 Nxf3 41. Bf7 Bh3 42. Bd5 Nd4 43. b4 Ne2 44. Bd2 cxb4 45. Bxb4 Nf4 46. Be4 Be6 47. Bd2 Nh5 48. Bf3 Nf6 49. Kc3 d5 50. Bf4+ Kb6 51. Be5 Ne4+ 52. Kd4 Nd2 53. Bxd5 Nb3+ 54. Kc3 Bxd5 55. cxd5 Nc5 56. Bd4 1-0

[Event "Wch U18 Girls"]
[Site "Al Ain"]
[Date "2013.12.23"]
[Round "9"]
[White "Ziaziulkina, Nastassia"]
[Black "Tomnikova, Lidia"]
[Result "1/2-1/2"]
[WhiteElo "2354"]
[BlackElo "2167"]
[PlyCount "93"]
[EventDate "2013.12.18"]
[EventType "swiss"]
[EventRounds "11"]
[EventCountry "UAE"]
[SourceTitle "CBM 158 Extra"]
[Source "ChessBase"]
[SourceDate "2014.02.28"]
[SourceVersion "1"]
[SourceVersionDate "2014.02.28"]
[SourceQuality "1"]

1. e4 e5 2. Nf3 Nc6 3. Bb5 a6 4. Ba4 Nf6 5. 0-0 Be7 6. Re1 b5 7. Bb3 d6 8. c3 0-0 9. d4 Bg4 10. Be3 Na5 11. dxe5 Bxf3 12. Qxf3 dxe5 13. Nd2 Nxb3 14. axb3 Qd3 15. b4 Rfd8 16. Qf5 Qc2 17. Qxe5 Ng4 18. Qxe7 Nxe3 19. Nf3 Nd1 20. Rf1 Nxb2 21. Rxa6 Qxc3 22. Ne5 Qb3 23. Rxa8 Rxa8 24. Qxc7 Qe6 25. Rc1 f6 26. Qc6 Qxc6 27. Nxc6 Nd3 28. Rb1 Ra2 29. f3 Nf4 30. Nd4 Rxg2+ 31. Kh1 Rf2 32. Nxb5 Rxf3 33. Na7 Ra3 34. Nc6 Ra6 35. b5 Rb6 36. Na5 Nd3 37. Nc4 Rb8 38. Kg2 Ne5 39. Ne3 Nd7 40. Kf3 Kf7 41. Nd5 Nb6 42. Nxb6 Rxb6 43. Ke3 Ke6 44. Kd4 Kd6 45. Kc4 Kc7 46. Kc5 Re6 47. b6+ 1/2-1/2